00386nam a2200121 a 450000500170000000800410001702000180005805000200007610000190009624500530011526000420016865000540021020140414131929.0101103s19uu xx 00 eng d a0-448-44390-2 aM 590bC55 2006 aClarke, Ginjer aGross out! :banimals that do disgusting things. aNew York :bGrosset & Dunlap,c2006. aAnimal behviourxMiscellaneaxJuvenile literature